000 01072cas a2200313 i 4500
001 000031174
003 DO-SdBNP
005 20260225151256.0
007 ta
008 110614c1931 dr ur1p|r || z0spa d
040 _aDO-SdBNP
_bspa
_cDO-SdBNP
_erda
041 _hspa
043 _anwdr
245 0 0 _aFémina :
_brevista ilustrada.
264 _aSan Pedro de Macoris, República Dominicana :
_bPetronila A. Gómez,
_c1931.
300 _avolumen :
_bilustraciones ;
_c23 cm.
310 _aIrregular
336 _atexto
_btxt
_2rdacontent
337 _asin mediacion
_bn
_2rdacarrier
338 _avolumen
_bnc
_2rdacarrier
362 0 _aAño 9, no.142-43 (Julio/agosto, 1931-).
500 _aTítulo tomado de la cubierta.
500 _aCatalogación basada en el: Año 9, no.142-43 (Julio/agosto, 1931-).
500 _aDirectora: Petronila A. Gómez.
650 4 _aLiteratura
_vPublicaciones periódicas
_925093
650 4 _aCultura
_vPublicaciones periódicas
_933416
700 _aGómez, Petronila Angelica
_946067
_edirector
942 _2ddc
_cISSUE
999 _c30666
_d30666